01537cam a22002891 4500001001300000003000400013005001700017008004100034010001700075040002200092050001800114051003700132082001300169100004400182245013000226260009800356300001700454490007100471500004000542500009200582505035200674650002601026700006301052740002501115830009001140999001701230agr42000353 DLC20260227111001.0840125m19421961dcu f000 0 eng  aagr42000353  aDLC/ICUcICUdDLC00aZ5358.A12bB5 aS21b.A46 no. 401, etc.cCopy 2.00a016.58191 aBlake, S. F.q(Sidney Fay),d1892-1959.10aGeographical guide to floras of the world,ban annotated list with special reference to useful plants and common plant names. aWashington,bFor sale by the Superintendent of Documents, U.S. Govt. Print. Off.,c1942-1961. a2 v.c24 cm.1 aU.S. Dept. of Agriculture. Miscellaneous publicationvno. 401, 797 aRunning title: Floras of the world. aJoint contribution from Bureau of Plant Industry and U.S. Dept. of Agriculture Library.0 aI. Africa, Australia, North America, South America, and islands of the Atlantic, Pacific, and Indian oceans, by S.F. Blake and Alice C. Atwood.--II. Western Europe: Finland, Sweden, Norway, Denmark, Iceland, Great Britain with Ireland, Netherlands, Belgium, Luxembourg, France, Spain, Portugal, Andorra, Monaco, Italy, San Marino, and Switzerland. 0aBotanyxBibliography.1 aAtwood, Alice C.q(Alice Cary),d1876-1947,ejoint author.0 aFloras of the world. 0aMiscellaneous publication (United States. Department of Agriculture) ;vno. 401, 797. c10207d10207